000 nam a22 7a 4500
999 _c9749
_d9749
008 180207b ||||| |||| 00| 0 eng d
100 _aBlyton, E
_95853
245 _aLook out, Secret seven
260 _aLondon
_bHadder Publication
_c2004